书目信息

书名: 当尼采哭泣 
作者: 亚隆, Yalom, 著 ;侯维之
出版信息: 北京   中央编译出版社  2003.4
开本页数: 21cm  358页
丛书名:
单 册:
中图分类: I74
科图分类:
主题词: 长篇小说--美国--现代 , 长篇小说
电子资源:
ISBN: 7-80109-615-0
000 00897nam0 2200265 450
001 012005001717
005 20080927104049.59
010    @a7-80109-615-0@dCNY23.00
100    @a20060125d2005 em y0chiy0121 ea
101 @achi@ceng
102    @aCN@b110000
105    @ay z 000ay
200 @a当尼采哭泣@ADang Ni Cai Ku Qi@f(美)欧文·亚隆[Irvin D.Yalom]著@g侯维之译
210    @a北京@c中央编译出版社@d2003.4
215    @a358页@d21cm
306    @a台湾禹临图书股份有限公司授权出版
330    @a本书内容介绍了“通常大众的认识是:“所谓心理学,就是用艰深晦涩的说法,来解释生活中简单的道理”。
606 @a长篇小说@y美国@z现代
606 @a长篇小说
690    @aI74@v4
701  1 @c(美)@a亚隆,@AYa Long@bI. D.@g(Yalom, Irvin D.)@4著
701  1 @c(美)@aYalom,@bI. D.@g(Yalom, Irvin D.)@4著
702  0 @a侯维之@AHou Wei Zhi@4译
801  0 @aCN@bCTBM@c20080927
905    @a10447@dI74@e56
    
    当尼采哭泣/(美)欧文·亚隆[Irvin D.Yalom]著/侯维之译.-北京:中央编译出版社,2003.4
    358页;21cm
    
    
    ISBN 7-80109-615-0:CNY23.00
    本书内容介绍了“通常大众的认识是:“所谓心理学,就是用艰深晦涩的说法,来解释生活中简单的道理”。
相关链接 在五车中查询图书 在当当中查询图书 在豆瓣中查询图书


正题名:当尼采哭泣     索取号:I74/56         预约/预借

序号 登录号 条形码 馆藏地/架位号 状态 备注
1 161013   200161013   海科密-1楼/31架5列6层/ [索取号:I74/56] 在馆    
2 161014   200161014   海科密-1楼/31架5列6层/ [索取号:I74/56] 在馆    
3 161015   200161015   海科密-1楼/31架5列6层/ [索取号:I74/56] 在馆    
4 161016   200161016   海科密-1楼/31架5列6层/ [索取号:I74/56] 在馆    
5 161017   200161017   海科密-1楼/31架5列6层/ [索取号:I74/56] 在馆